banner koha

Técnicas Laboratoriais (Registro n. 86620)

MARC details
000 -LÍDER
Campo de controle fixo 01030nam a22003737a 4500
001 - NÚMERO DE CONTROLE
Número de controle BR2023001992
003 - CÓDIGO MARC DA AGÊNCIA CATALOGADORA
Campo de controle BR-BrBNA
005 - DATA E HORA DA ÚLTIMA ATUALIZAÇÃO
Campo de controle 20231101094522.0
008 - CAMPO DE TAMANHO FIXO
Campo fixo de controle 231031b bl.||||| |||| 00| 0 por d
040 ## - FONTE DA CATALOGAÇÃO
Agência catalogadora BR-BrBNA
Idioma da catalogação por
041 ## - CÓDIGO DO IDIOMA
Código do Idioma por
072 ## - CATEGORIA AGRIS
Código da categoria de assunto/objeto <a href="U30 ; C10">U30 ; C10</a>
090 ## - NÚMERO DE CHAMADA
Localização na estante U30 BR2023001992
100 ## - ENTRADA PRINCIPAL - NOME PESSOAL
Nome pessoal Cardoso, Maria das Graças
100 ## - ENTRADA PRINCIPAL - NOME PESSOAL
Nome pessoal Shan, Andrea Yu Kwan Villar
100 ## - ENTRADA PRINCIPAL - NOME PESSOAL
Nome pessoal Marques, Maria Carolina Silva
100 ## - ENTRADA PRINCIPAL - NOME PESSOAL
Nome pessoal Souza, Josefina Aparecida de
110 1# - ENTRADA PRINCIPAL - ENTIDADE
9 (RLIN) 10779
Nome da entidade ou lugar Universidade Federal de Lavras, MG (Brasil)
245 ## - TÍTULO PRINCIPAL
Título principal Técnicas Laboratoriais
Subtítulo Textos Acadêmicos, 01
260 ## - IMPRENTA (PUBLICAÇÃO, DISTRIBUIÇÃO, ETC.)
Lugar de publicação, distribuição, etc. Lavras, MG (Brasil)
Data de publicação, distribuição, etc 2000
300 ## - DESCRIÇÃO FÍSICA
Extensão 82 p.
Detalhes físicos adicionais il.
500 ## - NOTA GERAL
Notas gerais 8 ref.; 56 illus.; 8 tables
650 ## - ASSUNTO - THESAGRO
Cabeçalho tópico ou nome geográfico LABORATÓRIO
650 ## - ASSUNTO - THESAGRO
Cabeçalho tópico ou nome geográfico APARELHO DE LABORATÓRIO
650 ## - ASSUNTO - THESAGRO
Cabeçalho tópico ou nome geográfico EQUIPAMENTO
650 ## - ASSUNTO - THESAGRO
Cabeçalho tópico ou nome geográfico MANEJO
650 ## - ASSUNTO - THESAGRO
Cabeçalho tópico ou nome geográfico MANUTENÇÃO
650 ## - ASSUNTO - THESAGRO
Cabeçalho tópico ou nome geográfico QUÍMICA
650 ## - ASSUNTO - THESAGRO
Cabeçalho tópico ou nome geográfico REAGENTE QUÍMICO
650 ## - ASSUNTO - THESAGRO
Cabeçalho tópico ou nome geográfico SOLUÇÃO
650 ## - ASSUNTO - THESAGRO
Cabeçalho tópico ou nome geográfico FORMULAÇÃO
909 ## - IDENTIFICAÇÃO DO CATALOGADOR
Ano e mês da catalogação (aaaamm) 202310
Identificação do catalogador Fernando
942 ## - TIPO ESPECÍFICO
Tipo de material Livros
952 ## - LOCATION AND ITEM INFORMATION (KOHA)
-- 2023-10-31
Exemplares
Status de empréstimo Fonte de classificação Status de danificação Não pode ser emprestado Código da coleção Localização permanente Localização atual Localização na estante Total Checkouts Número de chamada Código de barras Tipo de material
  Classificação AGRIS     Agrobase Biblioteca Nacional de Agricultura - Binagri Biblioteca Nacional de Agricultura - Binagri Agrobase - Acervo Geral   U30 BR2023001992 2023-436621 Livros

BINAGRI

Telefone: (61)3218-2567/2388/3357/2097 - binagri@agro.gov.br

Ministério da Agricultura e Pecuária , Esplanada dos Ministérios, Bloco D, Anexo B, Brasília/DF, CEP: 70.043-900